BIBLIOTECA

SENCICO

Principales Tipos de Mapas Geoticos (Guía de mapas temáticos para el análisis del medio físico) (Registro nro. 1073)

Detalles MARC
000 -LEADER
fixed length control field 00597nam a2200217Ia 4500
005 - DATE AND TIME OF LATEST TRANSACTION
control field 20251020182458.0
008 - FIXED-LENGTH DATA ELEMENTS--GENERAL INFORMATION
fixed length control field 200515s9999 xx 000 0 und d
020 ## - INTERNATIONAL STANDARD BOOK NUMBER
International Standard Book Number 84-7585-674-8
082 ## - DEWEY DECIMAL CLASSIFICATION NUMBER
Classification number 624.134/M26
100 ## - MAIN ENTRY--PERSONAL NAME
Personal name Martínez-Torres, L.M.
245 #0 - TITLE STATEMENT
Title Principales Tipos de Mapas Geoticos (Guía de mapas temáticos para el análisis del medio físico)
260 ## - PUBLICATION, DISTRIBUTION, ETC.
Place of publication, distribution, etc. Bilbao
260 ## - PUBLICATION, DISTRIBUTION, ETC.
Name of publisher, distributor, etc. UNIVERSIDAD DEL PAIS VASCO
260 ## - PUBLICATION, DISTRIBUTION, ETC.
Date of publication, distribution, etc. 1995
300 ## - PHYSICAL DESCRIPTION
Extent p. irregular
300 ## - PHYSICAL DESCRIPTION
Other physical details il., tbl., graf.
500 ## - GENERAL NOTE
General note 1 ejemplar
650 ## - SUBJECT ADDED ENTRY--TOPICAL TERM
Topical term or geographic name entry element MAPAS GEOTICOS
942 ## - ADDED ENTRY ELEMENTS (KOHA)
Koha item type Libros
Existencias
Fecha de la última vez que lo usaron Pago total Signatura topográfica completa Código de barras Precio efectivo desde Tipo de documento Estado perdido Estado dañado No es para préstamo Retirado Ubicación permanente Ubicación actual Fecha de adquisición
15/05/2020   624.134/M26 Bib-Lima15051073 15/05/2020 Libros         Biblioteca Central Lima Biblioteca Central Lima 15/05/2020